Incollable #31 - Maths-Français - Statistiques

Statistiques générales
  • Ce quiz a été pris 642 fois
    578 depuis la dernière actualisation
  • Le résultat moyen est 10 sur 12
Statistiques - réponses
Niveaux Questions Réponses % Correct
Lycée Combien y a t-il de cm^3 dans 1 mL ? 1
100%
CP Tom achète un livre à 8 €, un stylo à 5 € et une gomme à 2 €. Combien dépense-t-il ? 15 €
100%
CE1 Complète cette suite: 43;46;49;... ...52
100%
CE1 La phrase « Léa ira à la mer dans deux mois. » est-elle au présent, au passé ou au futur ? Au futur
99%
CM1 Quel est le verbe dans la phrase: « Mes copains viendront chez moi » ? Viendront
97%
CE2 Quel nombre est égal à 18*20 ? 360
92%
CM1 Quelle opération effectue-t-on pour calculer un reste ? Une division
92%
CM2 Quel est le complément d’agent dans la phrase: « Ce poème est récité par Romain » ? Par Romain
82%
Collège Quel nombre décimal est égal à 7/4 ? 1,75 ((7/4)=(8/4)-(1/4)=2-0,25=0,75)
80%
CM2 Quel est le chiffre impaire à deux chiffres dont le chiffre des dizaines est le quadruple du chiffre des unité ? 41
71%
Collège En 5 lettre: synonyme familier du mot « avare ». Radin
68%
Lycée Quel est le participe présent du verbe « absoudre » ? Absolvant
21%
Aucun quiz correspondant
Distribution des résultats
% des personnes avec chaque résultat
Percentile par nombre de réponses
Votre historique - résultats
Vous n’avez pas pris ce quiz depuis la dernière actualisation